000 01219nam a2200325 i 4500
003 EG-GICUC
005 20260511155353.0
008 260511s1960 fr |||fr|||| 000 0 Fre d
040 _aEG-GiCUC
_bfre
_cEG-GiCUC
_dEG-GiCUC
_eRda
041 0 _afre
082 0 4 _a345.141
_bLE . I
_221
092 0 4 _221
099 _aLaw 07 345.141 LE . I 1960
100 1 _aLesage, Michel.
_eAuteur
245 2 0 _aLes Inteventions Du Législateur Dans Le Fonctionnement De La Justice (Contribution A al'Étude Du Principe De Séparation Des Pouvoirs) :
_nTome XXVIII/
_cPar Michel Lesage, Marcel Waline; Préface De Roland Drago.
_b
264 1 _aParis :
_bLibrairie Generale De Droit Et De Jurisprudence,
_c1960.
300 _a339 Page ;
_c 24 cm.
336 _2rda contenu
_a texte
337 _2rda medias
_aOrdinateur
338 _2 transporteur rda
_a Ressource en ligne
490 _aBibliothéque De Droit Public
504 _aBibliography: pages 319-322
546 _aTexte en français
650 1 _aDroit Administratif
700 1 _aDrago, Roland
_ePréfacier
700 1 _aWaline, Marcel
_eCo-Auteur
856 4 0 _uhttps://fll.law.cu.edu.eg/fulltext/bks/B07-06071.pdf
905 _a64
942 _2ddc
_n0
_cBK
_e21
999 _c76602
_d76602